[Event "Groningen Combinatie op"]
[Site "Groningen"]
[Date "2017.05.27"]
[Round "5"]
[White "Binnendijk, Ferdinand"]
[Black "Maris, Ivo"]
[Result "1/2-1/2"]
[WhiteElo "2045"]
[BlackElo "2327"]
[PlyCount "69"]
[EventDate "2017.05.25"]
[EventType "swiss"]
[EventRounds "7"]
[EventCountry "NED"]
[SourceTitle "CBM 178 Extra"]
[Source "ChessBase"]
[SourceDate "2017.06.22"]
[SourceVersion "1"]
[SourceVersionDate "2017.06.22"]
[SourceQuality "1"]

1. d4 Nf6 2. c4 e6 3. Nc3 Bb4 4. e3 0-0 5. Nge2 c6 6. a3 Ba5 7. b4 Bc7 8. Ng3 d5 9. cxd5 cxd5 10. Be2 Nc6 11. Bb2 e5 12. Nb5 Bb8 13. dxe5 Nxe5 14. 0-0 Re8 15. Rc1 a6 16. Nd4 Ne4 17. Nf3 Ng4 18. Qd4 Ngf6 19. Nxe4 Rxe4 20. Qc5 Bd6 21. Qc3 Bg4 22. Rfd1 Rc8 23. Qe1 Rxc1 24. Rxc1 Re8 25. Qc3 Qe7 26. h3 Rc8 27. Qe1 Rxc1 28. Qxc1 Bd7 29. Qc3 Ne8 30. Qd4 Be6 31. Bd1 Qd7 32. Bb3 Be7 33. Qd2 Nf6 34. Qd4 Ne8 35. Qd2 1/2-1/2